00562nam a2200157 a 450000100100000000500170001000800410002702000180006802000180008604000250010408200150012924500610014426000570020530000280026250001140029000004234120201002040106.0131127s2012 xxua r 000 0 spa d a9781578376890 a9781578376971 aDO-SdBNPbspacBNPHU axxxxbxxxx00aMatemática en contexto I y II :bmanual de referencia. aTexas, Estados Unidos :bCord Communications,c2012. a119 p. :bil. ;c28 cm. aDesarrollado por CORD, adaptado para el "Proyecto Educación Media Técnica - REACT" República Dominicana